Zásady spolupráce veřejného a soukromého sektoru.

Predpoklady vzájomného postavenia a úloh štátu a súkromného sektoru pri riešení urbanistických problémov. Úloha a zmysel verejných orgánov. Ich poslanie pri usmerňovaní činnosti súkromného sektoru a spolupráca s nimi.

Gespeichert in:
Bibliographische Detailangaben
1. Verfasser: Hrůza, J.
Format: Buchkapitel
Sprache:Tschechisch
Schlagworte:
Tags: Tag hinzufügen
Keine Tags, Fügen Sie das erste Tag hinzu!

MARC

LEADER 00000naa a2200000 4500
001 r005751
005 20221125081546.6
041 0 |a cze 
044 |a [CS] 
245 1 0 |a Zásady spolupráce veřejného a soukromého sektoru.  |c J. Hrůza 
520 |a Predpoklady vzájomného postavenia a úloh štátu a súkromného sektoru pri riešení urbanistických problémov. Úloha a zmysel verejných orgánov. Ich poslanie pri usmerňovaní činnosti súkromného sektoru a spolupráca s nimi. 
610 2 0 |a sektor súkromný 
610 2 0 |a sektor verejný 
610 2 0 |a štát 
610 2 0 |a urbanizmus 
610 2 0 |a orgány štátne 
100 1 |a Hrůza, J.